LEADER 01410nam a2200301 4500 001 000000352097 003 CaOOAMICUS 005 20221205152402.0 008 221103s2002 it 000 u ita r 020 $a88-11-51940-3 040 $aSeMil$bita 100 1 $aGoethe, Johann Wolfgang,$d<1749-1832>.$0(OLS)http://semarc/name/5617 240 10$aFaust.$0(OLS)http://semarc/title/442256 245 10$aFaust ; Urfaust /$cJohann Wolfgang Goethe ; introduzione e prefazione di Italo Alighiero Chiusano ; sommario, traduzione e note di Andrea Casalegno. 264 1$aMilano :$bGarzanti 300 $a2 v. (LXXXI, 1361 p. compless.) ;$c18 cm 490 1 $aI grandi libri Garzanti 546 $aTesto orig. a fronte 700 1 $aChiusano, Italo Alighiero,$d<1926-1995>.$0(OLS)http://semarc/name/2997 700 1 $aCasalegno, Andrea,$d<1944- >.$0(OLS)http://semarc/name/8068 730 02$aUrfaust.$0(OLS)http://semarc/title/442257 774 0 $t1.$dMilano : Garzanti, 2002.$b4. ed$kGrandi libri Garzanti$w()352101 774 0 $t2.$dMilano : Garzanti, 2002.$b4. ed$kGrandi libri Garzanti$w()352102 830 2$aI grandi libri Garzanti.$0(OLS)http://semarc/title/9892 996 $6020$a88-11-51940-3$9(OLS)http://semarc/number/297060 996 $6245$aFaust ; Urfaust$9(OLS)http://semarc/title/441886 996 $6264$aMilano :$bGarzanti$9(OLS)http://semarc/publisher/29852 LEADER 00787nam a2200205 i 4500 001 000000030939 003 CaOOAMICUS 005 20180830125449.0 008 180830s1837 fr u000 u und u 040 $aSeMil$bita 100 1 $aArtaud de Montor, Alexis François.$0(OLS)http://semarc/name/14184 245 10$aHistoire du pape Pie 7. /$cpar M. Le Chevalier Artaud. 250 $a2. éd. 260 $aParis :$bLibrairie d'Adrien Le Clere et C.,$c1837. 300 $a2 v. ;$c23 cm. 600 04$aPio VII .$0(OLS)http://semarc/subject/4922 774 0 $tTome 1.$g1$w()235659 774 0 $tTome 2.$g2$w()235660 996 $6245$aHistoire du pape Pie 7.$9(OLS)http://semarc/title/42092 996 $6260$aParis :$bLibrairie d'Adrien Le Clere et C.$9(OLS)http://semarc/publisher/31345